High-temperature superconductivity : experiment and theory /

High-Temperature Superconductors provides an up-to-date and comprehensive review of the properties of these fascinating materials. Much has been learned about the behavior and mechanism of this novel type of superconductivity over the past five years, but many questions remain unanswered. This book...

Full description

Bibliographic Details
Main Author: Plakida, N. M. (Nikolaĭ Maksimilianovich)
Corporate Author: SpringerLink (Online service)
Format: eBook
Language:English
Published: Berlin ; New York : Springer, [1995]
Subjects:
Online Access:Connect to the full text of this electronic book

MARC

Tag First Indicator Second Indicator Subfields
LEADER 00000cam a2200000Ka 4500
001 in00003515921
006 m o d
007 cr bn||||||abp
007 cr bn||||||ada
008 100519s1995 gw a ob 001 0 eng d
005 20260422221142.6
019 |a 608733225  |a 851393410  |a 858930651 
020 |a 9783642784064 (electronic bk.) 
020 |a 3642784062 (electronic bk.) 
020 |z 3540570721 (Berlin : acid-free paper) 
020 |z 9783540570721 (Berlin : acid-free paper) 
020 |z 0387570721 (New York : acid-free paper) 
020 |z 9780387570723 (New York : acid-free paper) 
020 |z 9783642784088 
020 |z 3642784089 
020 |z 3642784062 
024 7 |a 10.1007/978-3-642-78406-4  |2 doi 
035 |a (OCoLC)622970682  |z (OCoLC)608733225  |z (OCoLC)851393410  |z (OCoLC)858930651 
040 |a OCLCE  |b eng  |e pn  |c OCLCE  |d OCLCO  |d AU@  |d UV0  |d GW5XE  |d OCLCQ  |d OCLCF  |d UtOrBLW 
041 1 |a eng  |h rus 
042 |a dlr 
049 |a TXAM 
050 4 |a QC611.98.H54  |b P5313 1995 
072 7 |a TJFD5  |2 bicssc 
072 7 |a TEC039000  |2 bisacsh 
072 7 |a SCI021000  |2 bisacsh 
082 0 4 |a 537.6/233  |2 20 
100 1 |a Plakida, N. M.  |q (Nikolaĭ Maksimilianovich) 
240 1 0 |a Vysokotemperaturnye sverkhprovodniki.  |l English 
245 1 0 |a High-temperature superconductivity :  |b experiment and theory /  |c Nikolai M. Plakida. 
264 1 |a Berlin ;  |a New York :  |b Springer,  |c [1995] 
264 4 |c ©1995 
300 |a 1 online resource (ix, 227 pages) :  |b illustrations 
336 |a text  |b txt  |2 rdacontent 
337 |a computer  |b c  |2 rdamedia 
338 |a online resource  |b cr  |2 rdacarrier 
504 |a Includes bibliographical references (pages 209-224) and index. 
538 |a Master and use copy. Digital master created according to Benchmark for Faithful Digital Reproductions of Monographs and Serials, Version 1. Digital Library Federation, December 2002.  |u http://purl.oclc.org/DLF/benchrepro0212  |5 MiAaHDL 
583 1 |a digitized  |c 2010  |h HathiTrust Digital Library  |l committed to preserve  |2 pda  |5 MiAaHDL 
520 |a High-Temperature Superconductors provides an up-to-date and comprehensive review of the properties of these fascinating materials. Much has been learned about the behavior and mechanism of this novel type of superconductivity over the past five years, but many questions remain unanswered. This book gives an invaluable survey which will help students and researchers to consolidate their knowledge and build upon it. A large number of illustrations and tables give valuable information for specialists. A critical comparison of different theoretical models involving strong electron correlations, spin fluctuations, phonons and excitons provides a background for understanding modern trends in the theory of high-temperature superconductivity. 
588 |a Description based on print version record. 
500 |a Electronic resource. 
650 0 |a High temperature superconductivity. 
650 0 7 |a Hochtemperatursupraleitung.  |2 swd 
650 7 |a High temperature superconductivity.  |2 fast  |0 (OCoLC)fst00956482 
655 7 |a Electronic books.  |2 local 
710 2 |a SpringerLink (Online service) 
776 1 8 |i Print version:  |w (DLC) 94021156  |w (OCoLC)30703179 
856 4 0 |u http://proxy.library.tamu.edu/login?url=https://link.springer.com/10.1007/978-3-642-78406-4  |z Connect to the full text of this electronic book  |t 0 
994 |a 92  |b TXA 
999 |a MARS 
999 f f |s c9a495ff-4d26-3bdf-8143-34882a424ccc  |i cb27a49e-f173-34fe-a4bb-45e296087fc8  |t 0 
952 f f |a Texas A&M University  |b College Station  |c Electronic Resources  |s www_evans  |d Available Online  |t 0  |e QC611.98.H54 P5313 1995  |h Library of Congress classification 
998 f f |a QC611.98.H54 P5313 1995  |t 0  |l Available Online